000 00693nam a2200205 a 4500
005 20240419063954.0
008 020226s1999 es r 000 0 spa d
020 _a8495212234
035 _aUPN01000116495
049 _aCG
050 4 _aHF5381
_bR6.3
100 1 _aRodríguez Moreno, María Luisa,
_d1941-
_929612
245 1 0 _aEnseñar a explorar el mundo del trabajo :
_bdiagnóstico de las destrezas exploratorias y propuestas de intervención /
_cMaría Luisa Rodríguez Moreno.
260 _aMálaga, Esp. :
_bAljibe,
_cc1999.
300 _a143 p.
440 0 _aMonográficos Aljibe
650 4 _aOrientación vocacional
_95
650 4 _aEducación vocacional
_99152
905 _aLibro
999 _c89232
_d89232